000 00414nam a2200181Ia 4500
003 0100
008 130303s9999 xx 000 0 und d
040 _cARRUPELIB
050 _aBX2205.B7
100 _aBrockett, Lorna
245 4 _aThe theology of Baptism
260 _aNotre Dame IN
260 _bFides
260 _C1971
300 _a94p
650 _bAfrica, Eastern--Religion--Congresses
942 0 0 _03
999 _c33107
_d33107